[Event "Veracruz op 2nd"]
[Site "Xalapa"]
[Date "2024.04.26"]
[Round "3"]
[White "Galaviz Medina, Sion Radamantys"]
[Black "Almeida Quintana, Omar"]
[Result "1/2-1/2"]
[WhiteElo "2439"]
[BlackElo "2521"]
[PlyCount "51"]
[EventDate "2024.04.25"]
[EventType "swiss"]
[EventRounds "6"]
[EventCountry "MEX"]
[SourceTitle "CBM 219 Extra"]
[Source "ChessBase"]
[SourceDate "2024.05.31"]
[SourceVersion "1"]
[SourceVersionDate "2024.05.31"]
[SourceQuality "1"]

1. d4 Nf6 2. c4 c5 3. d5 e6 4. Nc3 exd5 5. cxd5 d6 6. e4 g6 7. Nf3 Bg7 8. Be2 0-0 9. Be3 Bg4 10. Nd2 Bxe2 11. Qxe2 Na6 12. 0-0 Nc7 13. a4 Re8 14. Kh1 a6 15. a5 Rb8 16. f3 Nd7 17. Rae1 b5 18. axb6 Nxb6 19. Qd3 Qd7 20. f4 f5 21. Bf2 Nb5 22. Bh4 fxe4 23. Ndxe4 Qf5 24. Qf3 Nd4 25. Qd1 Nxd5 26. Nxd6 1/2-1/2

[Event "Veracruz op 2nd"]
[Site "Xalapa"]
[Date "2024.04.25"]
[Round "1"]
[White "Galaviz Medina, Sion Radamantys"]
[Black "Diaz Guerrero, Jesus Daniel"]
[Result "1-0"]
[WhiteElo "2439"]
[BlackElo "1958"]
[PlyCount "129"]
[EventDate "2024.04.25"]
[EventType "swiss"]
[EventRounds "6"]
[EventCountry "MEX"]
[SourceTitle "CBM 219 Extra"]
[Source "ChessBase"]
[SourceDate "2024.05.31"]
[SourceVersion "1"]
[SourceVersionDate "2024.05.31"]
[SourceQuality "1"]

1. d4 d5 2. c4 e6 3. Nc3 a6 4. cxd5 exd5 5. Nf3 c6 6. Bg5 Be7 7. Bxe7 Qxe7 8. e3 Bf5 9. Bd3 Bxd3 10. Qxd3 Nd7 11. 0-0 Ngf6 12. Nd2 0-0 13. Nb3 Rfe8 14. Rfd1 Rad8 15. Na4 Ne4 16. Rac1 Qg5 17. Na5 Rb8 18. Rc2 Nd6 19. Nb3 Qg6 20. Qxg6 hxg6 21. Nac5 Nxc5 22. Nxc5 Re7 23. h3 f6 24. Rd3 Rc8 25. Rb3 Rcc7 26. Na4 Nc4 27. Rbc3 Nd6 28. Nb6 Ne8 29. a4 Kf7 30. b4 Ke6 31. Rc5 Kd6 32. Na8 Rc8 33. Rxd5+ Kxd5 34. Nb6+ Ke4 35. Nxc8 Rc7 36. Nb6 Kd3 37. Rc5 f5 38. Nc4 Ke2 39. Ne5 f4 40. e4 Nf6 41. Nxg6 Nxe4 42. Nxf4+ Kd2 43. Re5 Nc3 44. a5 Rd7 45. Ne6 Ne2+ 46. Kf1 Nxd4 47. Nc5 Rf7 48. Re3 Nc2 49. Rd3+ Kc1 50. Rb3 Re7 51. g4 Nd4 52. Rc3+ Nc2 53. h4 Kd2 54. Rb3 Rf7 55. h5 Rf4 56. Rd3+ Kc1 57. Rg3 Nxb4 58. Ne6 Rf7 59. g5 Re7 60. Nxg7 Rxg7 61. h6 Rd7 62. g6 Nd5 63. Rd3 Kc2 64. Rxd5 cxd5 65. g7 1-0